000 01369cam a22003497a 4500
001 17609174
003 ARRUPE
005 20160225124806.0
008 130131s2011 gw a bm 000 0 eng d
010 _a 2012536136
020 _a9783643111791 (pbk.)
020 _a3643111797 (pbk.)
035 _a(OCoLC)ocn741372012
040 _aINU
_cINU
_dCLU
_dUKMGB
_dBTCTA
_dYDXCP
_dBWX
_dOCLCO
_dIUL
_dDLC
042 _alccopycat
050 0 0 _aBX1862.T3
_bW56 2011
100 1 _aWilkens, Katharina.
_922453
245 1 0 _aHoly water and evil spirits :
_breligious healing in East Africa /
_cKatharina Wilkens.
260 _aBerlin :
_bLit,
_c2011.
300 _ax, 289 p. :
_bill. ;
_c24 cm.
490 1 _aBeiträge zur Afrikaforschung,
_x0938-7285 ;
_vBd. 47
502 _aThesis (doctoral) - Universität, Bayreuth.
504 _aIncludes bibliographical references (p. 271-289).
610 2 0 _aMarian Faith Healing Ministry (Dar es Salaam, Tanzania)
_922454
650 0 _aHealing
_xReligious aspects
_xCatholic Church.
_922455
651 0 _aTanzania
_xReligion.
_922456
830 0 _aBeiträge zur Afrikaforschung ;
_vBd. 47.
_922457
906 _a7
_bcbc
_ccopycat
_d3
_encip
_f20
_gy-gencatlg
936 _aPR 725002322, 733061730, 729940290
942 _2lcc
_cMONOGRAPH
999 _c124218
_d124218